000 004760000a22001690004500
003 MACL
005 20151217131138.0
008 151217b xxu||||| |||| 00| 0 eng d
040 _aMACL
_cMACL
041 _aEnglish
082 _a030/STU
100 _aH S Stuttman Ins Publishers
_920412
245 _aScience And Invention Encyclopedia
_bVol 24 Great Scientists
260 _bH S Stuttman Ins Publishers
_c1989
650 _aEncyclopaedia
_920662
942 _cBK
_k030/STU
_2ddc
999 _c39893
_d39893